000 01090nam a2200289 a 4500
001 38289
003 BD-RjUL
005 20211209052751.0
008 151101s1977 bg a|||| |||| 00| 0 ben d
020 _c: Tk. 30.00
035 _a(BD-RjUL)38394
040 _aBD-RjUL
_bben
_cBD-RjUL
041 _aben
082 _223
_a551.48
_bHOJ 1977
100 1 _aহক, মোল্লা ফজলুল
_9118356
245 1 0 _aজলাশয়তত্ত্ব ও সমুদ্রতত্ত্ব /
_cমোল্লা ফজলুল হক
260 _aঢাকা :
_bবাংলা একাডেমী,
_c১৯৭৭.
300 _a খণ্ড :
_bচিত্র;
_c২২ সেমি.
490 _aবাএ ;
_v৮৪৭ (V-1)
505 0 _aখণ্ড ১, ভৌত ও রাসায়নিক --
650 _aজলাশয়তত্ত্ব
_9118357
650 _aLimnology
_9118358
650 _aসমুদ্রতত্ত্ব
_9123380
650 _aOceanography
_9237495
830 _aবাএ ;
_v৮৪৭ (V-1)
_9237496
942 _2ddc
_cBK
999 _c38289
_d38289